书目信息 |
| 题名: |
理论力学典型题解析及自测试题
|
|
| 作者: | 和兴锁 主编 | |
| 分册: | ||
| 出版信息: | 西安 西北工业大学出版社 2000.01 |
|
| 页数: | 360页 | |
| 开本: | 19cm | |
| 丛书名: | 工科课程提高与应试丛书 | |
| 单 册: | ||
| 中图分类: | O31-44 | |
| 科图分类: | ||
| 主题词: | 理论力学 , 一般力学 | |
| 电子资源: | ||
| ISBN: | 7-5612-1279-8 | |
| 000 | 00706nam0 2200229 45 | |
| 001 | 0230923111 | |
| 005 | 2002061108352311 | |
| 010 | @a7-5612-1279-8@b压膜@dRMB 15.00 | |
| 100 | @a20020611d2000 km y0chiy0120 ea | |
| 101 | 0 | @achi |
| 102 | @aCN@b610000 | |
| 200 | 1 | @a理论力学典型题解析及自测试题@Ali lun li xue dian xing ti jie xi ji zi ce shi ti@f和兴锁主编@Fhe xing suo zhu bian |
| 210 | @a西安@c西北工业大学出版社@d2000.01 | |
| 215 | @a360页@d19cm | |
| 225 | 2 | @a工科课程提高与应试丛书 |
| 461 | 0 | @12001 @a工科课程提高与应试丛书 |
| 606 | 0 | @a理论力学 |
| 606 | 0 | @a一般力学 |
| 690 | @aO31-44@v3 | |
| 701 | 0 | @a和兴锁@Ahe xing suo@4主编 |
| 801 | 0 | @aCN@bPFT@c20020611 |
| 905 | @a10447@dO31-44@eH230 | |
| 理论力学典型题解析及自测试题/和兴锁主编.-西安:西北工业大学出版社,2000.01 |
| 360页;19cm.-(工科课程提高与应试丛书) |
| ISBN 7-5612-1279-8(压膜):RMB 15.00 |
| ● |
| 相关链接 |
|
|
|
正题名:理论力学典型题解析及自测试题
索取号:O31-44/H230
 
预约/预借
| 序号 | 登录号 | 条形码 | 馆藏地/架位号 | 状态 | 备注 |
| 1 | 360239 | 203602397 | 自科库401/401自科库 81排2列1层/ [索取号:O31-44/H230] | 在馆 | |
| 2 | 360240 | 203602404 | 自科库401/401自科库 81排2列1层/ [索取号:O31-44/H230] | 在馆 | |
| 3 | 360241 | 203602413 | 自科库401/401自科库 81排2列1层/ [索取号:O31-44/H230] | 在馆 | |
| 4 | 360518 | 203605189 | 自科库401/401自科库 81排2列1层/ [索取号:O31-44/H230] | 在馆 | |
| 5 | 360519 | 203605198 | 自科库401/401自科库 81排2列1层/ [索取号:O31-44/H230] | 在馆 | |
| 6 | 360520 | 203605205 | 自科库401/401自科库 81排2列1层/ [索取号:O31-44/H230] | 在馆 | |
| 7 | 360521 | 203605214 | 自科库401/ [索取号:O31-44/H230] | 在馆 | |
| 8 | 360522 | 203605223 | 自科库401/401自科库 81排2列1层/ [索取号:O31-44/H230] | 在馆 | |
| 9 | 360523 | 203605232 | 自科库401/401自科库 81排2列1层/ [索取号:O31-44/H230] | 在馆 |